[Event "CHI-ch sf"]
[Site "Vina del Mar"]
[Date "2022.02.11"]
[Round "4"]
[White "Perez Rojas, Jorge"]
[Black "Aguirre Adaros, Joaquin Antonio"]
[Result "0-1"]
[WhiteElo "1337"]
[BlackElo "1885"]
[PlyCount "84"]
[EventDate "2022.02.08"]
[EventType "swiss"]
[EventRounds "8"]
[EventCountry "CHI"]
[SourceTitle "CBM 207 Extra"]
[Source "ChessBase"]
[SourceDate "2022.05.31"]
[SourceVersion "1"]
[SourceVersionDate "2022.05.31"]
[SourceQuality "1"]

1. e4 c5 2. Nf3 e6 3. d4 cxd4 4. Nxd4 a6 5. c4 Nf6 6. Nc3 Qc7 7. a3 b6 8. Be2 Bb7 9. f3 Be7 10. Be3 d6 11. Rc1 Nbd7 12. 0-0 Rc8 13. b4 Qb8 14. Qe1 0-0 15. Qf2 Bd8 16. Rfd1 h5 17. Nb3 Bc7 18. g3 Ba8 19. Rb1 Rfe8 20. Rdc1 d5 21. cxd5 exd5 22. Bxa6 Bb7 23. Bxb7 Qxb7 24. Nxd5 Nxd5 25. exd5 Ne5 26. Rd1 Nc4 27. Bc1 Red8 28. Qd4 Be5 29. Qd3 h4 30. Kg2 hxg3 31. hxg3 Bf6 32. Nc5 bxc5 33. Qxc4 cxb4 34. Rxb4 Qa8 35. Qb5 Rc2+ 36. Kf1 Qc8 37. Bd2 Qh3+ 38. Ke2 Qxg3 39. Rg4 Qe5+ 40. Kf2 Rxd5 41. Qb4 Qh2+ 42. Ke1 Re5+ 0-1

[Event "FIDE World Uni Blitz-C 1st"]
[Site "Tornelo INT"]
[Date "2021.03.13"]
[Round "5.24"]
[White "Aguirre Adaros, Joaquin Antonio"]
[Black "Pavic, Filip"]
[Result "1-0"]
[WhiteElo "1885"]
[BlackElo "2243"]
[PlyCount "75"]
[EventDate "2021.03.13"]
[EventType "swiss (blitz)"]
[EventRounds "10"]
[EventCountry "NET"]
[SourceTitle "EXT 2022"]
[Source "ChessBase"]
[SourceDate "2021.10.06"]
[SourceVersion "1"]
[SourceVersionDate "2021.10.06"]
[SourceQuality "1"]

1. e4 c6 2. Nc3 d5 3. Nf3 dxe4 4. Nxe4 Nf6 5. Qe2 Nxe4 6. Qxe4 Nd7 7. Bc4 Nf6 8. Ne5 e6 9. Qe2 Bd6 10. d4 0-0 11. Bg5 Be7 12. 0-0-0 Nd5 13. Bxe7 Qxe7 14. h4 Qf6 15. h5 a5 16. Bd3 a4 17. a3 b5 18. Kb1 b4 19. Qe4 g6 20. hxg6 fxg6 21. axb4 a3 22. Ng4 Qf4 23. Qxf4 Nxf4 24. b3 a2+ 25. Kb2 Nxg2 26. Ra1 Nf4 27. Rxa2 Ra7 28. Rxa7 Nxd3+ 29. cxd3 h5 30. Ne5 Rxf2+ 31. Kc3 c5 32. Ra8 cxd4+ 33. Kxd4 Kg7 34. Rxc8 g5 35. Rxh5 Rf4+ 36. Ke3 Rf1 37. Rxg5+ Kf6 38. Rf8+ 1-0

[Event "FIDE World Uni Blitz-C 1st"]
[Site "Tornelo INT"]
[Date "2021.03.13"]
[Round "6.16"]
[White "Chan, Kim Yew"]
[Black "Aguirre Adaros, Joaquin Antonio"]
[Result "0-1"]
[WhiteElo "2303"]
[BlackElo "1885"]
[PlyCount "64"]
[EventDate "2021.03.13"]
[EventType "swiss (blitz)"]
[EventRounds "10"]
[EventCountry "NET"]
[SourceTitle "EXT 2022"]
[Source "ChessBase"]
[SourceDate "2021.10.06"]
[SourceVersion "1"]
[SourceVersionDate "2021.10.06"]
[SourceQuality "1"]

1. d4 Nf6 2. Nc3 d5 3. Bf4 c6 4. e3 Bf5 5. Bd3 Bg6 6. Qe2 Qb6 7. 0-0-0 e6 8. Nf3 Nbd7 9. Bxg6 hxg6 10. Ne5 a5 11. e4 Bb4 12. Nxd7 Nxd7 13. Na4 Qd8 14. a3 Be7 15. Rhe1 Kf8 16. h3 Bg5 17. Qe3 Bxf4 18. Qxf4 Qe7 19. Nc3 Nf6 20. g4 Nxe4 21. Nxe4 dxe4 22. Qxe4 Rxh3 23. Rh1 Rxh1 24. Rxh1 Kg8 25. Qe3 Rd8 26. Qh3 f6 27. c3 b5 28. g5 f5 29. Qh7+ Kf7 30. Rh6 Qxg5+ 31. Kb1 Qxh6 32. Qxh6 gxh6 0-1

[Event "CHI-ch sf"]
[Site "Quilpue"]
[Date "2020.02.02"]
[Round "7"]
[White "Aguirre Adaros, Joaquin Antonio"]
[Black "Cuevas Araya, Walter"]
[Result "0-1"]
[WhiteElo "1878"]
[BlackElo "2124"]
[PlyCount "122"]
[EventDate "2020.01.30"]
[EventType "swiss"]
[EventRounds "8"]
[EventCountry "CHI"]
[SourceTitle "CBM 194 Extra"]
[Source "ChessBase"]
[SourceDate "2020.03.31"]
[SourceVersion "1"]
[SourceVersionDate "2020.03.31"]
[SourceQuality "1"]

1. e4 e5 2. Nf3 Nf6 3. Nxe5 d6 4. Nf3 Nxe4 5. Nc3 Nxc3 6. dxc3 Be7 7. Be3 Nc6 8. Qd2 Be6 9. 0-0-0 Qd7 10. Nd4 Nxd4 11. cxd4 d5 12. Kb1 0-0-0 13. Be2 Kb8 14. Rhe1 Rhe8 15. Bf4 Bf5 16. Bd3 Bf8 17. Bg3 Bxd3 18. Qxd3 g6 19. f3 Bg7 20. Qc3 b6 21. Qd2 Qf5 22. Qc3 Qd7 23. Qd2 Kb7 24. Qf4 f5 25. c3 a5 26. Kc2 Qa4+ 27. Kc1 Qd7 28. Rxe8 Rxe8 29. Re1 Rxe1+ 30. Bxe1 Qe7 31. Bg3 Bf6 32. Kd1 a4 33. b3 axb3 34. axb3 h5 35. h3 Qd7 36. Qh6 Qb5 37. Qxg6 Qf1+ 38. Be1 Bh4 39. Qe6 Bxe1 40. Qxe1 Qxg2 41. Qe3 Qxh3 42. b4 h4 43. Qf4 Qf1+ 44. Kd2 Qg2+ 45. Kd3 Qg6 46. Qxh4 f4+ 47. Ke2 Qg2+ 48. Qf2 Qxf2+ 49. Kxf2 Kc6 50. Ke2 Kb5 51. Kd3 c6 52. Kd2 Kc4 53. Kc2 b5 54. Kd2 Kb3 55. Kd3 Kb2 56. Kd2 Kb1 57. Kd1 Ka1 58. Kc1 Ka2 59. Kc2 Ka3 60. Kd2 Kb2 61. Kd3 Kc1 0-1

[Event "CHI-ch sf"]
[Site "Quilpue"]
[Date "2019.01.18"]
[Round "4"]
[White "Gasic Merino, Franco Ignacio"]
[Black "Aguirre Adaros, Joaquin Antonio"]
[Result "1-0"]
[WhiteElo "2166"]
[BlackElo "1842"]
[PlyCount "71"]
[EventDate "2019.01.17"]
[EventType "swiss"]
[EventRounds "8"]
[EventCountry "CHI"]
[SourceTitle "CBM 188 Extra"]
[Source "ChessBase"]
[SourceDate "2019.02.26"]
[SourceVersion "1"]
[SourceVersionDate "2019.02.26"]
[SourceQuality "1"]

1. d4 Nf6 2. g3 c5 3. d5 e6 4. c4 exd5 5. cxd5 d6 6. Nc3 g6 7. Nf3 Bg7 8. Bg2 0-0 9. 0-0 Re8 10. Bf4 Ne4 11. Nxe4 Rxe4 12. Nd2 Rxf4 13. gxf4 Bxb2 14. Rb1 Bg7 15. Re1 Na6 16. e4 Nc7 17. Nc4 b5 18. Na5 Qh4 19. Nc6 Qxf4 20. e5 Bd7 21. Re4 Qg5 22. h4 Qh6 23. exd6 Ne8 24. Re7 Nf6 25. Ne5 Bf5 26. Rxb5 Qxh4 27. Qe1 Nh5 28. Nf3 Qg4 29. Re8+ Bf8 30. Rxa8 Nf4 31. Rxf8+ Kxf8 32. Qe7+ Kg7 33. Ne1 c4 34. Rb7 Kh6 35. d7 Bd3 36. Qe3 1-0

[Event "CHI-ch sf"]
[Site "Quilpue"]
[Date "2018.01.20"]
[Round "5"]
[White "Aguirre Adaros, Joaquin Antonio"]
[Black "Puebla Arredondo, Claudio"]
[Result "0-1"]
[WhiteElo "1940"]
[BlackElo "2183"]
[PlyCount "56"]
[EventDate "2018.01.18"]
[EventType "swiss"]
[EventRounds "8"]
[EventCountry "CHI"]
[SourceTitle "CBM 182 Extra"]
[Source "ChessBase"]
[SourceDate "2018.02.23"]
[SourceVersion "1"]
[SourceVersionDate "2018.02.23"]
[SourceQuality "1"]

1. e4 c5 2. Nf3 d6 3. d4 cxd4 4. Nxd4 Nf6 5. Nc3 a6 6. Bc4 e6 7. Bb3 b5 8. 0-0 Be7 9. f4 Bb7 10. e5 dxe5 11. fxe5 Bc5 12. Be3 Nc6 13. exf6 Bxd4 14. Bxd4 Qxd4+ 15. Qxd4 Nxd4 16. Rad1 Rd8 17. Rd3 gxf6 18. Rxf6 Rg8 19. g3 Ke7 20. Rh6 b4 21. Na4 Be4 22. Nc5 Bxd3 23. Nxd3 Nxb3 24. axb3 a5 25. Rxh7 Rd5 26. Rh4 Rc8 27. Rc4 Rxc4 28. bxc4 Rxd3 0-1

[Event "CHI-ch sf2"]
[Site "Santiago de Chile"]
[Date "2018.01.05"]
[Round "1"]
[White "Salinas Herrera, Pablo Patricio"]
[Black "Aguirre Adaros, Joaquin Antonio"]
[Result "1-0"]
[WhiteElo "2452"]
[BlackElo "1940"]
[PlyCount "47"]
[EventDate "2018.01.05"]
[EventType "swiss"]
[EventRounds "8"]
[EventCountry "CHI"]
[SourceTitle "EXT 2019"]
[Source "ChessBase"]
[SourceDate "2018.10.10"]
[SourceVersion "1"]
[SourceVersionDate "2018.10.10"]
[SourceQuality "1"]

1. d4 Nf6 2. Bf4 d5 3. e3 c5 4. dxc5 Qa5+ 5. Nc3 Qxc5 6. Nb5 Na6 7. c3 Bd7 8. a4 g6 9. Be5 Bg7 10. Bd4 Qc6 11. Nxa7 Rxa7 12. Bxa7 Ne4 13. Bb5 Qc7 14. Bxd7+ Qxd7 15. Nf3 Qc7 16. 0-0 b6 17. Qxd5 Nd6 18. Nd4 e6 19. Qc6+ Qxc6 20. Nxc6 Kd7 21. Nb4 Nxb4 22. cxb4 Nc8 23. Bb8 e5 24. Rac1 1-0

[Event "CHI-ch sf"]
[Site "Quilpue"]
[Date "2016.12.18"]
[Round "7"]
[White "Gasic Merino, Franco Ignacio"]
[Black "Aguirre Adaros, Joaquin Antonio"]
[Result "1-0"]
[WhiteElo "2061"]
[BlackElo "1718"]
[PlyCount "93"]
[EventDate "2016.12.14"]
[EventType "swiss"]
[EventRounds "8"]
[EventCountry "CHI"]
[SourceTitle "EXT 2018"]
[Source "ChessBase"]
[SourceDate "2017.10.13"]
[SourceVersion "1"]
[SourceVersionDate "2017.10.13"]
[SourceQuality "1"]

1. d4 d5 2. c4 dxc4 3. e3 e5 4. Nf3 exd4 5. Qxd4 Qf6 6. Bxc4 Nc6 7. Qxf6 Nxf6 8. a3 Bd6 9. Nc3 Ne5 10. Nxe5 Bxe5 11. Bd2 c6 12. f4 Bxc3 13. Bxc3 Ne4 14. Bd4 0-0 15. b4 Re8 16. g4 Be6 17. Bd3 Bd5 18. Rg1 a6 19. Bb6 Re6 20. g5 Ree8 21. Rc1 Nd6 22. Ke2 Ne4 23. Rgd1 Nd6 24. Kf2 Ne4+ 25. Ke2 Re7 26. Bd4 Rae8 27. Be5 Re6 28. h4 b5 29. Bxe4 Bxe4 30. Rd4 Bd5 31. e4 Bc4+ 32. Ke3 f6 33. gxf6 gxf6 34. Rg1+ Kf7 35. Rd7+ R8e7 36. Rxe7+ Rxe7 37. Bd6 Re6 38. e5 fxe5 39. fxe5 Rg6 40. Rxg6 hxg6 41. Kd4 Ke6 42. a4 Kd7 43. a5 Kc8 44. Kc5 Kb7 45. Be7 Kc7 46. Bg5 Be6 47. Bf4 1-0

[Event "Santiago Vuelta op"]
[Site "Santiago de Chile"]
[Date "2016.03.14"]
[Round "3"]
[White "Salinas Herrera, Pablo Patricio"]
[Black "Aguirre Adaros, Joaquin Antonio"]
[Result "1-0"]
[WhiteElo "2437"]
[BlackElo "1635"]
[PlyCount "49"]
[EventDate "2016.03.07"]
[EventType "swiss"]
[EventRounds "7"]
[EventCountry "CHI"]
[SourceTitle "EXT 2017"]
[Source "ChessBase"]
[SourceDate "2016.10.25"]
[SourceVersion "1"]
[SourceVersionDate "2016.10.25"]
[SourceQuality "1"]

1. e4 c5 2. Nf3 e6 3. d4 cxd4 4. Nxd4 Nc6 5. Nc3 Qc7 6. Be2 Nf6 7. 0-0 a6 8. Kh1 Be7 9. f4 d6 10. a4 0-0 11. Be3 Bd7 12. Nb3 Na5 13. e5 Ne8 14. Nxa5 Qxa5 15. Ne4 d5 16. Ng5 h6 17. Nf3 Bc5 18. Bxc5 Qxc5 19. Nd4 Nc7 20. c3 Rac8 21. Bd3 Na8 22. f5 exf5 23. Bxf5 Bxf5 24. Nxf5 Rce8 25. Qg4 1-0

[Event "Antofagasta Zicosur op 2nd"]
[Site "Antofagasta"]
[Date "2016.01.10"]
[Round "9"]
[White "Oliva Olave, Carlos"]
[Black "Aguirre Adaros, Joaquin Antonio"]
[Result "1-0"]
[WhiteElo "2063"]
[BlackElo "1557"]
[PlyCount "71"]
[EventDate "2016.01.05"]
[EventType "swiss"]
[EventRounds "9"]
[EventCountry "CHI"]
[SourceTitle "CBM 170 Extra"]
[Source "ChessBase"]
[SourceDate "2016.02.25"]
[SourceVersion "1"]
[SourceVersionDate "2016.02.25"]
[SourceQuality "1"]

1. e4 e5 2. Nf3 Nc6 3. Bb5 a6 4. Ba4 Nf6 5. d3 d6 6. c3 Be7 7. 0-0 b5 8. Bb3 Na5 9. Bc2 c5 10. Re1 0-0 11. Nbd2 Re8 12. Nf1 Bf8 13. h3 Qc7 14. Bg5 Nd7 15. Ng3 h6 16. Bd2 g6 17. b4 cxb4 18. cxb4 Nc6 19. Bb3 Nf6 20. Rc1 Qd7 21. a4 Bb7 22. a5 d5 23. Rb1 d4 24. Ba2 Rac8 25. Nh2 Kg7 26. Rf1 Bd6 27. Ne2 g5 28. Ng3 Ne7 29. Ng4 Nxg4 30. hxg4 Rc7 31. Qf3 Ng8 32. Nf5+ Kg6 33. Bb3 Nf6 34. Nxh6 Rh8 35. Nxf7 Rf8 36. Qf5+ 1-0

[Event "Antofagasta Zicosur op 2nd"]
[Site "Antofagasta"]
[Date "2016.01.07"]
[Round "5"]
[White "Montero Martinez, Cristian"]
[Black "Aguirre Adaros, Joaquin Antonio"]
[Result "1-0"]
[WhiteElo "2162"]
[BlackElo "1557"]
[PlyCount "55"]
[EventDate "2016.01.05"]
[EventType "swiss"]
[EventRounds "9"]
[EventCountry "CHI"]
[SourceTitle "CBM 170 Extra"]
[Source "ChessBase"]
[SourceDate "2016.02.25"]
[SourceVersion "1"]
[SourceVersionDate "2016.02.25"]
[SourceQuality "1"]

1. d4 Nf6 2. Nf3 e6 3. Bg5 d5 4. e3 c5 5. c3 Bd6 6. Nbd2 Nbd7 7. Bd3 Qc7 8. Qe2 h6 9. Bh4 0-0 10. e4 e5 11. dxe5 Bxe5 12. Nxe5 Qxe5 13. Bg3 Qe7 14. 0-0 Nb6 15. e5 Nh7 16. f4 Bd7 17. Rae1 Rfe8 18. Nf3 Bg4 19. h3 Bxf3 20. Rxf3 a6 21. Bf2 Nd7 22. Bxh7+ Kxh7 23. Qd3+ Kh8 24. Qxd5 Red8 25. Qe4 b5 26. f5 f6 27. exf6 Qxf6 28. Bh4 1-0

[Event "Antofagasta Zicosur op 2nd"]
[Site "Antofagasta"]
[Date "2016.01.05"]
[Round "1"]
[White "Garnier, Rene Augusto"]
[Black "Aguirre Adaros, Joaquin Antonio"]
[Result "1-0"]
[WhiteElo "2178"]
[BlackElo "1557"]
[PlyCount "55"]
[EventDate "2016.01.05"]
[EventType "swiss"]
[EventRounds "9"]
[EventCountry "CHI"]
[SourceTitle "CBM 170 Extra"]
[Source "ChessBase"]
[SourceDate "2016.02.25"]
[SourceVersion "1"]
[SourceVersionDate "2016.02.25"]
[SourceQuality "1"]

1. Nf3 Nf6 2. c4 e6 3. Nc3 d5 4. e3 b6 5. d4 Bb4 6. Qa4+ Nc6 7. Qxc6+ Bd7 8. Qb7 Ne4 9. Bd2 Bxc3 10. Bxc3 a6 11. c5 0-0 12. cxb6 cxb6 13. Ne5 Ba4 14. Bb4 Qf6 15. Ng4 Qg5 16. Bxf8 Rxf8 17. Qxa6 f5 18. Ne5 f4 19. Nf3 Qh6 20. exf4 Rxf4 21. Be2 Be8 22. 0-0 Bh5 23. Ne5 Nd2 24. Bxh5 Qxh5 25. Qc8+ Rf8 26. Qxe6+ Kh8 27. Qxd5 Nf3+ 28. gxf3 1-0